Które miasto Województwa Pomorskiego jest opisane? - Statystyki

Ogólne statystyki
  • Ten quiz został rozwiązany 53 razy
  • Średni wynik to 19 z 25
Statystyki odpowiedzi
Numer Opis Miasto (odp) % Poprawnych
14. Miasto graniczy z powiatami kartuskim, puckim, wejherowskim i miastami Gdańsk oraz Sopot. Przez miasto płyną małe rzeki: Kacza oraz Chylonka. Gdynia
93%
2. Miasto położone jest nad rzeką Słupią, 18 kilometrów od Morza Bałtyckiego. Słupsk
93%
6. Miasto to urokliwe uzdrowisko nadmorskie, położone nad Zatoką Gdańską, stanowiące część Trójmiasta, leżące pomiędzy Gdańskiem a Gdynią. Sopot
93%
22. Centrum kulturalne, naukowe i gospodarcze oraz węzeł komunikacyjny północnej Polski. Gdańsk
90%
17. Miasto zwieńczające najbardziej znany, polski półwysep. Usytuowane na samym cyplu, otoczone jest z niemal wszystkich stron wodą. Hel
88%
8. Miasto posiada szerokie plaże, bliskość Słowińskiego Parku Narodowego gdzie można obejrzeć słynne ruchome wydmy. Łeba
88%
11. Miasto to leży nad rzeką Wierzycą, należy do nadwiślańsko-pomorskiego regionu Kociewie, jest także jednym z najstarszych miast na Pomorzu. Starogard Gdański
88%
7. Miasto położone nad rzekami Borują oraz Bytową i jeziorem Jeleń. Miasto stanowi lokalny węzeł drogowy. Bytów
85%
16. Miasto był siedzibą wielkich mistrzów Zakonu Krzyżackiego i stolicą jednego z najpotężniejszych państw średniowiecznej Europy. Malbork
85%
15. Miasto wraz z oddalonymi o 34 kilometry Kartuzami dzieli także godne miano centrum turystycznego, kulturalnego i rekreacyjnego tzw. Szwajcarii Kaszubskiej. Jako miasto liczy sobie 600 lat. Kościerzyna
83%
5. Miasto położone na Pojezierzu Starogardzkim w pradolinie rzeki Wisły, w regionie Kociewie, drugim obok Kaszub regionie Pomorza Gdańskiego, w odległości ok. 30 km od Gdańska, należące do aglomeracji trójmiejskiej. Tczew
80%
1. Miasto położone jest w pradolinie Redy-Łeby, pomiędzy wzgórzami Pojezierza Kaszubskiego, a Wysoczyzną Żarnowiecką. Lębork
78%
20. Miasto to jest niekwestionowaną stolicą zatoki położonej na północny-zachód od Zatoki Gdańskiej. Puck
78%
18. Miasto położone jest na styku dwóch krain geograficznych - Borów Tucholskich i Krajny. Od Trójmiasta dzieli je około 120 km. Chojnice
76%
19. Miasto leży nad czterema jeziorami. Są to: jezioro Karczemne, Klasztorne Duże, Klasztorne Małe i Mielenko. Kartuzy
76%
25. Miasto leżące 10 km od centrum Gdańska na styku Żuław Gdańskich i Pojezierza Kaszubskiego. Pruszcz Gdański
76%
3. Miasto położone jest u ujścia rzeki Słupi, 150 km na zachód od stolicy województwa - Gdańska i 18 km na północ od stolicy powiatu - Słupska. Ustka
76%
21. Miasto słynie nie tylko z pięknych i szerokich plaż, lecz i dobrej jakości ścieżek rowerowych, latarni morskiej, która mierzy prawie 27 metrów oraz przekopu Mierzei Wiślanej. Krynica Morska
68%
9. Miasto położone jest z jednej strony na terenie malowniczego Pojezierza Kaszubskiego, a z drugiej stanowi część centrum metropolii. Miasto to ma ponad 800 lat. Żukowo
68%
10. Miasto leży pomiędzy jeziorami: Urzędowym, Miejskim Małym, Miejskim Dużym oraz największym – Rychnowskim, w odległości 136 km na południowy zachód od Gdańska. Człuchów
66%
24. W tym mieście znajduje się Bazylika katedralna Wniebowzięcia Najświętszej Maryi Panny, siedziba biskupa diecezji. Pelplin
59%
4. Miasto położone jest nad rzeką Liwą, prawym dopływem Nogatu, 5 km od Wisły. Kwidzyn
56%
13. Miasto leży na Pojezierzu Bytowskim, nad rzeką Studnicą (będącą lewym dopływem Wieprzy). W granicach miasta leży jezioro Lednik. Miastko
56%
12. Miasto uzyskało lokację miejską w 1382, zdegradowany w 1772. Miasto królewskie położone było w II połowie XVI wieku w powiecie tucholskim województwa pomorskiego. Prawa miejskie od 1 lipca 1926. Czersk
51%
23. Miasto położone jest nad rzeką Czernicą, w odległości 170 km na południowy zachód od Gdańska. Czarne
39%
Nie znaleziono quizów pasujących do podanych kryteriów
Rozkład punktacji
Procent ludzi z każdym wynikiem
Percentyl według liczby udzielonych odpowiedzi
Twoja historia wyników
Nie rozwiązałeś tego quizu